000 00338 a2200157 4500
001 13069
020 _a978846681040
040 _cAnchieta - Aquarius
100 _aFoley, Jonh
240 1 0 _aSmellybear
_lpor
245 1 0 _aSmellybear
300 _a24
362 0 _a2009
650 4 _aLiteratura infanto-juvenil em inglês
942 _cBK
999 _c13069
_d13069